San Agustín: perfil humano y religioso
Shranjeno v:
| Glavni avtor: | |
|---|---|
| Format: | Knjiga |
| Jezik: | španščina |
| Izdano: |
Madrid
Cristiandad
1984
|
| Izdaja: | 2a. ed |
| Teme: | |
| Oznake: |
Označite
Brez oznak, prvi označite!
|
MARC
| LEADER | 00000nam a2200000 a 4500 | ||
|---|---|---|---|
| 001 | UCY7015 | ||
| 003 | CL-VaPUC | ||
| 008 | 950602e19840000SP |||||||||||||||||spa|d | ||
| 082 | 0 | 4 | |a 189.2 |b PRZ |2 21 |
| 100 | 0 | |a Przywara, Erich |e author |9 337287 | |
| 245 | 1 | 0 | |a San Agustín: perfil humano y religioso |
| 250 | |a 2a. ed | ||
| 300 | |a 490 p | ||
| 942 | |c BK | ||
| 945 | |d 19950602 00:00:00 |a oaravena | ||
| 260 | |a Madrid |b Cristiandad |c 1984 | ||
| 600 | 0 | |a Dios |9 314467 | |
| 600 | 0 | |a San Agustín de Hipona |x Teólogo y filósofo cristiano |9 311590 | |
| 650 | 0 | |a Filosofía |9 223554 | |
| 650 | 0 | |a Verdad |9 313815 | |
| 650 | 0 | |a Inteligencia |9 267038 | |
| 650 | 0 | |a Religión |9 255164 | |
| 650 | 7 | |a SER |2 CL-VaPUC |9 320176 | |
| 650 | 0 | |a Filosofía del espíritu |9 320175 | |
| 650 | 0 | |a Vida |9 266033 | |
| 650 | 7 | |a HOMBRE |2 CL-VaPUC |9 262149 | |
| 583 | |a last modification |c 19950602 00:00:00 |k Rodrigo Vera | ||
| 999 | |c 234490 |d 234488 | ||
| 952 | |0 0 |1 0 |4 0 |6 189_200000000000000_PRZ_1984 |7 0 |8 P |9 240893 |a BIBEDU |b BIBEDU |d 2019-11-18 |i 1514199 |l 4 |m 2 |o 189.2 PRZ 1984 |p 1514199 |q 2024-08-02 |r 2024-07-03 |s 2024-07-03 |w 2019-11-18 |y BK |k FIL | ||